Comunicología y estudios culturales encuentro entre la comonicación y la cultura visto desde el inicio del siglo XXI /
Wedi'i Gadw mewn:
| Prif Awdur: | |
|---|---|
| Fformat: | Texto |
| Tagiau: |
Ychwanegu Tag
Dim Tagiau, Byddwch y cyntaf i dagio'r cofnod hwn!
|
MARC
| LEADER | 00000 a a2200000 04500 | ||
|---|---|---|---|
| 001 | 7767 | ||
| 003 | |||
| 040 | |||
| 100 | |a Galindo Cáceres, Luis Jesus | ||
| 245 | |a Comunicología y estudios culturales encuentro entre la comonicación y la cultura visto desde el inicio del siglo XXI / |c Luis Jesus Galindo Cáceres | ||
| 773 | |g volumen 14, número 27; páginas 113-132 | ||
| 999 | |c 25358 |d 25358 | ||
